| 000 | 00342nam a22001217a 4500 | ||
|---|---|---|---|
| 020 | _a8121929296 | ||
| 082 |
_a530 _bVAS/TE |
||
| 100 |
_aVasudeva,A.S _9389 |
||
| 245 | _aA Textbook Of Engineering Physics : For B.E./B.Tech. Students of Kerala Universities | ||
| 260 |
_aNew Delhi _bS. Chand and Company Ltd _c2011 |
||
| 300 | _a756 | ||
| 942 | _cBK | ||
| 999 |
_c14286 _d14286 |
||